000 00443nam a2200181Ia 4500
001 16330
005 20260306170301.0
008 260306t2014||||xx |||||||||||||| ||und||
041 _aESP
082 _a348.3
_bC265
100 _aConvencion de Derecho Minero
_eAUT
245 0 _aI Convención de Derecho Minero 2014
260 _c2014
300 _a414 pƔginas :
_c22 cm.
650 _aGEN
654 _aCDE
942 _cLIB
_dJUS
_fJUS
_2ddc
_n
999 _c16330
_d16330